000 00213 a2200097 4500
001 46825
100 _aDouglas L
245 _aCombat and command
260 _aNew York
_bSimon schuster
_c
090 _c29915
_d29915
942 _aNUST-CAE
_cM
_c22130
999 _c281898
_d281898